[Event "Manaus Regional Norte-ch"]
[Site "Manaus"]
[Date "2018.10.11"]
[Round "1"]
[White "Carvalho, Felipe Lobo C"]
[Black "De Souza Gomes, Jullie Emanuelle"]
[Result "1-0"]
[WhiteElo "2101"]
[BlackElo "1414"]
[PlyCount "37"]
[EventDate "2018.10.11"]
[EventType "swiss"]
[EventRounds "7"]
[EventCountry "BRA"]
[SourceTitle "CBM 186 Extra"]
[Source "ChessBase"]
[SourceDate "2018.08.24"]
[SourceVersion "1"]
[SourceVersionDate "2018.08.24"]
[SourceQuality "1"]

1. e4 e5 2. f4 f6 3. fxe5 fxe5 4. Qh5+ g6 5. Qxe5+ Ne7 6. Qxh8 Nbc6 7. Nf3 a6 8. Bc4 d5 9. exd5 Nxd5 10. 0-0 Be6 11. Bxd5 Qxd5 12. Nc3 Qc5+ 13. d4 Qd6 14. Ne4 Qe7 15. Bg5 Qf7 16. Ne5 Qg7 17. Nf6+ Kd8 18. Nh5+ Qe7 19. Qxf8# 1-0

[Event "Manaus Amazonas-ch"]
[Site "Manaus"]
[Date "2017.10.28"]
[Round "7"]
[White "De Souza Gomes, Jullie Emanuelle"]
[Black "Dos Santos, Jardel Farias"]
[Result "0-1"]
[WhiteElo "1467"]
[BlackElo "1785"]
[PlyCount "100"]
[EventDate "2017.10.21"]
[EventType "swiss"]
[EventRounds "9"]
[EventCountry "BRA"]
[SourceTitle "CBM 181 Extra"]
[Source "ChessBase"]
[SourceDate "2017.12.12"]
[SourceVersion "1"]
[SourceVersionDate "2017.12.12"]
[SourceQuality "1"]

1. e4 c5 2. Nf3 Nc6 3. Nc3 g6 4. d3 Bg7 5. g3 d6 6. Bg2 Nf6 7. 0-0 0-0 8. Bg5 Bg4 9. Re1 Nd4 10. Nd5 Nxd5 11. exd5 f6 12. Bf4 Re8 13. c3 Nxf3+ 14. Bxf3 Bf5 15. d4 Qb6 16. Qa4 cxd4 17. cxd4 Qxb2 18. Bxd6 b5 19. Qb3 Qxb3 20. axb3 exd6 21. Rac1 Rxe1+ 22. Rxe1 Bc2 23. Re6 Rd8 24. Be2 Bxb3 25. Bxb5 Bxd5 26. Re7 Rb8 27. Ba6 Rb1+ 28. Bf1 Bc4 29. Kg2 Bxf1+ 30. Kf3 a5 31. Re6 Rb3+ 32. Ke4 Bd3+ 33. Kd5 Rb6 34. Re3 Bc2 35. Ra3 a4 36. Ke6 Bb3+ 37. Ke7 Rb7+ 38. Kxd6 Bf8+ 39. Kc6 Bd5+ 40. Kxd5 Bxa3 41. Kc6 Rb2 42. d5 Bf8 43. d6 a3 44. d7 Be7 45. Kc7 Rc2+ 46. Kb6 a2 47. d8Q+ Bxd8+ 48. Kb5 a1Q 49. Kb4 Qb1+ 50. Ka3 Ra2# 0-1

[Event "Manaus Amazonas-ch"]
[Site "Manaus"]
[Date "2017.10.22"]
[Round "3"]
[White "Nunes, Lucas Roberto Almei"]
[Black "De Souza Gomes, Jullie Emanuelle"]
[Result "0-1"]
[WhiteElo "1744"]
[BlackElo "1467"]
[PlyCount "57"]
[EventDate "2017.10.21"]
[EventType "swiss"]
[EventRounds "9"]
[EventCountry "BRA"]
[SourceTitle "CBM 181 Extra"]
[Source "ChessBase"]
[SourceDate "2017.12.12"]
[SourceVersion "1"]
[SourceVersionDate "2017.12.12"]
[SourceQuality "1"]

1. e4 e5 2. Nf3 Nc6 3. Nc3 Nf6 4. Bc4 Bc5 5. 0-0 0-0 6. d3 d6 7. Ng5 Bg4 8. Qd2 Bb4 9. a3 Bxc3 10. Qxc3 Nd4 11. Qd2 d5 12. c3 dxc4 13. dxc4 Nb3 14. Qe1 Nxa1 15. f3 Bh5 16. Be3 Nc2 17. Qc1 Nxe3 18. Qxe3 h6 19. Nh3 Bg6 20. f4 exf4 21. Nxf4 Bxe4 22. b3 Re8 23. Qg3 Qd2 24. h3 Red8 25. a4 Bd3 26. Nxd3 Rxd3 27. Qxc7 Re3 28. Qb8+ Re8 29. Qh2 0-1

[Event "Manaus Regional Norte-ch"]
[Site "Manaus"]
[Date "2017.09.07"]
[Round "2"]
[White "Franca, Carlos Alberto Rodr"]
[Black "De Souza Gomes, Jullie Emanuelle"]
[Result "1-0"]
[WhiteElo "1691"]
[BlackElo "1760"]
[PlyCount "68"]
[EventDate "2017.09.07"]
[EventType "swiss"]
[EventRounds "7"]
[EventCountry "BRA"]
[SourceTitle "CBM 180 Extra"]
[Source "ChessBase"]
[SourceDate "2017.10.06"]
[SourceVersion "1"]
[SourceVersionDate "2017.10.06"]
[SourceQuality "1"]

1. d4 d5 2. c4 e6 3. Nc3 Nf6 4. Bg5 Nc6 5. e3 Be7 6. Nf3 0-0 7. Rc1 Ne4 8. Bxe7 Qxe7 9. cxd5 Nxc3 10. Rxc3 Qb4 11. dxc6 bxc6 12. Qb3 Qxb3 13. Rxb3 Bd7 14. Bc4 h6 15. Ne5 Rad8 16. Nxd7 Rxd7 17. Ke2 Rfd8 18. Rd1 c5 19. Rbd3 cxd4 20. Rxd4 Rxd4 21. Rxd4 Rxd4 22. exd4 Kf8 23. Ke3 Ke7 24. Ke4 Kd6 25. g4 g6 26. d5 f5+ 27. gxf5 gxf5+ 28. Kf4 exd5 29. Bxd5 Kxd5 30. Kxf5 Kd4 31. f4 h5 32. Ke6 h4 33. f5 Ke3 34. f6 Kf2 1-0